Piłkarski quiz transferowy 18! (Edycja Ligue 1) - Statystyki

Ogólne statystyki
  • Ten quiz został rozwiązany 15 razy
  • Średni wynik to 9 z 20
Statystyki odpowiedzi
Piłkarz Poprzedni klub % Poprawnych
Xavi Simons Barcelona
100%
Dante Wolfsburg
80%
Mitchel Bakker Ajax
60%
Marcelo Besiktas
60%
Jason Denayer Manchester City
60%
Valere Germain Monaco
60%
Orestis Karnezis Napoli
60%
Timothy Weah PSG
60%
Mike Maignan PSG
53%
Jonathan Ikone PSG
53%
Jordan Amavi Aston Villa
40%
Florian Thauvin Newcastle
40%
Valentin Rongier Nantes
33%
Teji Savanier Nimes
33%
Samuel Kalu Gent
27%
Hilton OM
27%
Jonathan Bamba Saint Etienne
27%
Gaetan Laborde Bordeaux
13%
Danilo Braga
7%
Luiz Araujo Sao Paulo
0%
Nie znaleziono quizów pasujących do podanych kryteriów
Rozkład punktacji
Procent ludzi z każdym wynikiem
Percentyl według liczby udzielonych odpowiedzi
Twoja historia wyników
Nie rozwiązałeś tego quizu